000 01484nam a2200385Ia 4500
001 ebr10574159
003 CaPaEBR
006 m u
007 cr cn|||||||||
008 090526s2010 nyu sb 001 0 eng d
010 _z 2009021169
020 _z1438430353 (alk. paper)
020 _z9781438430355 (alk. paper)
020 _z9781438430379
040 _aCaPaEBR
_cCaPaEBR
035 _a(OCoLC)615624511
050 1 4 _aPN98.P67
_bT68 2010eb
082 0 4 _a809/.9113
_222
100 1 _aToth, Josh.
245 1 4 _aThe passing of postmodernism
_h[electronic resource] :
_ba spectroanalysis of the contemporary /
_cJosh Toth.
260 _aAlbany :
_bState University of New York Press,
_cc2010.
300 _aix, 200 p.
490 1 _aThe SUNY series in postmodern culture
504 _aIncludes bibliographical references and index.
533 _aElectronic reproduction.
_bPalo Alto, Calif. :
_cebrary,
_d2011.
_nAvailable via World Wide Web.
_nAccess may be limited to ebrary affiliated libraries.
600 1 0 _aDerrida, Jacques
_xCriticism and interpretation.
650 0 _aPostmodernism (Literature)
650 0 _aSemiotics and literature.
650 0 _aCriticism.
650 0 _aPoststructuralism.
655 7 _aElectronic books.
_2local
710 2 _aebrary, Inc.
830 0 _aSUNY series in postmodern culture.
856 4 0 _uhttp://site.ebrary.com/lib/rucke/Doc?id=10574159
_zAn electronic book accessible through the World Wide Web; click to view
999 _c78838
_d78838